000 00484nam a2200217Ia 4500
001 110574
003 YMCAF
005 20230512162421.0
008 100717s2003 ||||||||||||||||| ||und|d
024 _a110574
035 _aWB1561
040 _aYMCAF
_beng
_cIN-KoLT
041 _aeng
082 _a621.313
_b3 LAN
100 _aLangsdorf, A S
245 0 _aTheory of Alternating current machinery
250 _a2nd
260 _bTMH
_c2003
300 _a666
942 _2ddc
_cBK
999 _c11879
_d11879